Special Electrian Machines: (Record no. 181695)

MARC details
000 -LEADER
fixed length control field 00583nam a22001937a 4500
005 - DATE AND TIME OF LATEST TRANSACTION
control field 20211004155707.0
010 ## - LCCN (DPL NO)
LC control number ENG-129990
020 ## - INTERNATIONAL STANDARD BOOK NUMBER
Terms of availability 975.00
International Standard Book Number 9788190617031
035 ## - SYSTEM CONTROL NUMBER
System control number EN-113522
037 ## - SOURCE OF ACQUISITION
Source of stock number/acquisition DBAD/PUB
082 ## - DEWEY DECIMAL CLASSIFICATION NUMBER
Classification number 621.31042
100 ## - MAIN ENTRY--PERSONAL NAME
Personal name Tholkappian, V
245 ## - TITLE STATEMENT
Title Special Electrian Machines:
Statement of responsibility, etc V .Tholkappian
250 ## - EDITION STATEMENT
Edition statement 2019
260 ## - PUBLICATION, DISTRIBUTION, ETC. (IMPRINT)
Name of publisher, distributor, etc Sams Publishers
Place of publication, distribution, etc Chennai
270 ## - ADDRESS
Address G1,16/33, Alwarnager 3rd street,Nanganallur
City chennai
Postal code 600061
300 ## - PHYSICAL DESCRIPTION
Extent 158p
Dimensions 24cm (PDK)
942 ## - ADDED ENTRY ELEMENTS (KOHA)
Source of classification or shelving scheme Dewey Decimal Classification
Item type English Books
Classification part 621.31042
Call number suffix THO
Holdings
Withdrawn status Lost status Not for loan Collection code Home library Current library Date acquired Source of acquisition Cost, normal purchase price Full call number Barcode Copy number Cost, replacement price Koha item type
      Non-fiction Shahdara Branch Shahdara Branch 04/10/2021 DBAD/PUB 975.00 621.31042 THO EN-113522 1 975.00 English Books

© Delhi Public Library
Hit Counter
free hit counter